• 首页
  • 本馆介绍
  • 公告通知
  • 最新文献
  • 馆藏检索
  • 电子资源
  • 读者导购
  • 参考咨询
  • 我的图书馆
  • 登录
  • 详细信息显示
  • 放入我的书架
  • 预约/预借图书
  • 作者相关作品
  • 分类相关作品
  • 丛书相关作品
  • 出版社相关作品

书目信息

  • 表格格式
  • 工作单格式
  • 卡片格式
题名:
美国外交政策
    
 
作者: 帕特森 著 ;李庆余 译
分册: 下册  
出版信息: 北京   中国社会科学出版社  1989.12
页数: 367-976页
开本: 20cm
丛书名:
单 册:
中图分类: D871.20
科图分类:
主题词: 外交--美国--外交政策
电子资源:
ISBN: 7-5004-0356-9
000 00644nam0 2200205 45
001 0404300937
005 20050630150114.1
010    @a7-5004-0356-9@dCNY13.10
100    @a20040430d1989 km y0chiy0120 ea
101 0  @achi
105    @a z 000yy
200 1  @a美国外交政策@AMei Guo Wai Jiao Zheng Ce@h下册@f(美)托马斯·帕特森等著@F(Mei)Tuo Ma Si·Pa Te Sen Deng Zhu@g李庆余译
210    @a北京@c中国社会科学出版社@d1989.12
215    @a367-976页@d20cm
606 0  @a外交@y美国@x外交政策
690    @aD871.20@v3
701  0 @a帕特森@4著
702  0 @a李庆余@ALi Qing Yu@4译
801    @aCN@bPftUser@c20040430
905    @dD871.20@e22:2@f1@b248638
    
    美国外交政策.下册/(美)托马斯·帕特森等著/李庆余译.-北京:中国社会科学出版社,1989.12
    367-976页;20cm
    
    
    ISBN 7-5004-0356-9:CNY13.10
    
●
相关链接 在E读中查询图书 在五车中查询图书 在当当中查询图书 在豆瓣中查询图书


正题名:美国外交政策     索取号:D871.20/22:2         预约/预借

序号 登录号 条形码 馆藏地/架位号 状态 备注
1 0248632   001027622   第一借阅区/ [索取号:D871.20/22:2] 在馆    
2 0248638   001027613   第一样本阅览室/ [索取号:D871.20/22:2] 在馆    
唐山师范学院图书馆 欢迎您!
大连网信软件有限公司© 版权所有